000 00352nam a2200157Ia 4500
003 OSt
005 20240219110012.0
008 170524s9999 xx 000 0 und d
020 _a9788177001662
040 _cIIMT UNIVERSITY MEERUT
100 _aHusain A
245 0 _aElectric Machines
260 _bDhanpat Rai
260 _c2008
942 _2ddc
_c02
999 _c4822
_d4822